[Event "WYCC Open U14"]
[Site "Porto Carras"]
[Date "2015.11.01"]
[Round "7.6"]
[White "Checa, Nicolas D"]
[Black "Baenziger, Fabian"]
[Result "0-1"]
[BlackElo "2213"]
[WhiteElo "2437"]
[LiveChessVersion "1.4.6"]

1. d4 {[%clk 1:30:57]} Nf6 {[%clk 1:30:51]} 2. c4 {[%clk 1:31:20]} g6
{[%clk 1:31:09]} 3. Nc3 {[%clk 1:31:22]} Bg7 {[%clk 1:31:31]} 4. e4
{[%clk 1:31:22]} d6 {[%clk 1:31:55]} 5. Nf3 {[%clk 1:31:41]} O-O {[%clk 1:31:50]}
6. Be2 {[%clk 1:31:37]} e5 {[%clk 1:32:10]} 7. O-O {[%clk 1:31:58]} Nc6
{[%clk 1:31:23]} 8. d5 {[%clk 1:32:02]} Ne7 {[%clk 1:31:47]} 9. Ne1
{[%clk 1:32:26]} Nd7 {[%clk 1:32:07]} 10. Be3 {[%clk 1:31:29]} f5
{[%clk 1:30:31]} 11. f3 {[%clk 1:31:14]} f4 {[%clk 1:30:56]} 12. Bf2
{[%clk 1:31:39]} g5 {[%clk 1:31:22]} 13. Rc1 {[%clk 1:31:58]} Ng6
{[%clk 1:30:42]} 14. Nb5 {[%clk 1:32:02]} b6 {[%clk 1:24:08]} 15. b4
{[%clk 1:31:58]} a6 {[%clk 1:21:06]} 16. Nc3 {[%clk 1:32:21]} Nf6
{[%clk 1:18:07]} 17. c5 {[%clk 1:30:48]} Bb7 {[%clk 1:06:24]} 18. Na4
{[%clk 1:21:09]} b5 {[%clk 1:05:20]} 19. Nc3 {[%clk 1:14:00]} h5 {[%clk 1:00:08]}
20. Kh1 {[%clk 1:10:39]} Bc8 {[%clk 0:54:17]} 21. a4 {[%clk 1:06:42]} bxa4
{[%clk 0:43:28]} 22. Qxa4 {[%clk 1:06:13]} g4 {[%clk 0:40:56]} 23. cxd6
{[%clk 0:56:31]} cxd6 {[%clk 0:41:16]} 24. Qc6 {[%clk 0:54:20]} Rb8
{[%clk 0:39:41]} 25. Bxa6 {[%clk 0:53:40]} h4 {[%clk 0:32:42]} 26. b5
{[%clk 0:39:58]} Qe7 {[%clk 0:27:17]} 27. fxg4 {[%clk 0:31:19]} Nxg4
{[%clk 0:26:53]} 28. Bg1 {[%clk 0:23:17]} h3 {[%clk 0:24:41]} 29. gxh3
{[%clk 0:23:29]} Ne3 {[%clk 0:24:08]} 30. Bxe3 {[%clk 0:14:22]} fxe3
{[%clk 0:22:19]} 31. Rxf8+ {[%clk 0:12:33]} Qxf8 {[%clk 0:21:38]} 32. Ne2
{[%clk 0:12:59]} Qf1+ {[%clk 0:11:36]} 33. Ng1 {[%clk 0:13:25]} Bxh3
{[%clk 0:09:32]} 34. Qxd6 {[%clk 0:10:04]} Nf4 {[%clk 0:08:03]} 35. Qxb8+
{[%clk 0:10:15]} Kh7 {[%clk 0:08:00]} 36. Rc2 {[%clk 0:09:55]} e2
{[%clk 0:08:11]} 37. Rxe2 {[%clk 0:08:25]} Nxe2 {[%clk 0:08:26]} 38. Qa7
{[%clk 0:08:14]} Nf4 {[%clk 0:08:29]} 39. Qe3 {[%clk 0:05:12]} Qg2+
{[%clk 0:08:42]} 0-1

[Event "WYCC Open U14"]
[Site "Porto Carras"]
[Date "2015.11.01"]
[Round "7.7"]
[White "Kozak, Adam"]
[Black "Peng, Hongchi"]
[Result "1/2-1/2"]
[BlackElo "2131"]
[WhiteElo "2349"]
[LiveChessVersion "1.4.6"]

1. d4 {[%clk 1:29:10]} Nf6 {[%clk 1:30:59]} 2. c4 {[%clk 1:29:01]} c5
{[%clk 1:31:25]} 3. d5 {[%clk 1:29:11]} e6 {[%clk 1:31:50]} 4. Nc3
{[%clk 1:28:15]} exd5 {[%clk 1:32:12]} 5. cxd5 {[%clk 1:28:36]} d6
{[%clk 1:32:37]} 6. Bf4 {[%clk 1:22:23]} g6 {[%clk 1:28:44]} 7. h3
{[%clk 1:22:20]} Bg7 {[%clk 1:28:07]} 8. e3 {[%clk 1:22:43]} a6 {[%clk 1:28:13]}
9. a4 {[%clk 1:23:06]} O-O {[%clk 1:28:02]} 10. Nf3 {[%clk 1:23:33]} Re8
{[%clk 1:27:17]} 11. Nd2 {[%clk 1:13:11]} Nh5 {[%clk 1:03:25]} 12. Bh2
{[%clk 1:12:35]} f5 {[%clk 0:55:25]} 13. Be2 {[%clk 1:09:07]} b5 {[%clk 0:35:39]}
14. axb5 {[%clk 1:03:24]} f4 {[%clk 0:27:57]} 15. Bxh5 {[%clk 0:50:11]} fxe3
{[%clk 0:24:41]} 16. Be2 {[%clk 0:48:37]} Qg5 {[%clk 0:18:14]} 17. O-O
{[%clk 0:41:53]} Bxh3 {[%clk 0:06:33]} 18. Bf3 {[%clk 0:32:45]} Bxc3
{[%clk 0:01:51]} 19. Ne4 {[%clk 0:32:29]} Rxe4 {[%clk 0:01:47]} 20. Bxe4
{[%clk 0:32:41]} exf2+ {[%clk 0:01:42]} 21. Kh1 {[%clk 0:31:25]} Bg4
{[%clk 0:01:02]} 22. Bf3 {[%clk 0:30:52]} Bxf3 {[%clk 0:00:49]} 23. Qxf3
{[%clk 0:31:08]} Bd4 {[%clk 0:00:48]} 24. Bxd6 {[%clk 0:30:14]} Nd7
{[%clk 0:00:46]} 25. bxa6 {[%clk 0:28:39]} Nf6 {[%clk 0:00:33]} 26. Be7
{[%clk 0:13:40]} Qh4+ {[%clk 0:00:43]} 27. Qh3 {[%clk 0:13:54]} Qxh3+
{[%clk 0:00:50]} 28. gxh3 {[%clk 0:14:20]} Nxd5 {[%clk 0:01:15]} 29. Bh4
{[%clk 0:14:01]} Nb4 {[%clk 0:00:49]} 30. Bxf2 {[%clk 0:09:00]} Bxb2
{[%clk 0:00:45]} 31. Rab1 {[%clk 0:05:24]} Nd3 {[%clk 0:00:51]} 32. Be3
{[%clk 0:00:32]} Rxa6 {[%clk 0:00:58]} 33. Bh6 {[%clk 0:00:31]} Rf6
{[%clk 0:01:15]} 34. Rxf6 {[%clk 0:00:32]} Bxf6 {[%clk 0:01:43]} 35. Rb8+
{[%clk 0:00:36]} Kf7 {[%clk 0:01:57]} 1/2-1/2

[Event "WYCC Open U14"]
[Site "Porto Carras"]
[Date "2015.11.01"]
[Round "7.8"]
[White "Hakobyan, Aram"]
[Black "Raja, Harshit"]
[Result "1-0"]
[BlackElo "2110"]
[WhiteElo "2288"]
[LiveChessVersion "1.4.6"]

1. d4 {[%clk 1:30:41]} Nf6 {[%clk 1:30:30]} 2. c4 {[%clk 1:30:46]} e6
{[%clk 1:30:30]} 3. Nf3 {[%clk 1:30:30]} d5 {[%clk 1:24:47]} 4. Nc3
{[%clk 1:30:50]} Bb4 {[%clk 1:24:18]} 5. cxd5 {[%clk 1:30:38]} exd5
{[%clk 1:24:21]} 6. Qa4+ {[%clk 1:21:20]} Nc6 {[%clk 1:24:40]} 7. Bg5
{[%clk 1:21:33]} h6 {[%clk 1:20:39]} 8. Bxf6 {[%clk 1:20:31]} Qxf6
{[%clk 1:20:59]} 9. e3 {[%clk 1:20:55]} O-O {[%clk 1:20:32]} 10. Be2
{[%clk 1:20:52]} Be6 {[%clk 1:19:48]} 11. O-O {[%clk 1:21:13]} a6
{[%clk 1:19:52]} 12. Qb3 {[%clk 1:21:18]} Bd6 {[%clk 1:11:39]} 13. Rac1
{[%clk 1:14:51]} Ne7 {[%clk 1:01:33]} 14. Na4 {[%clk 1:14:40]} b6
{[%clk 0:59:00]} 15. Qc3 {[%clk 1:09:26]} Ng6 {[%clk 0:50:42]} 16. Qd2
{[%clk 0:59:50]} Rfe8 {[%clk 0:46:21]} 17. Nc3 {[%clk 0:51:39]} b5
{[%clk 0:42:57]} 18. a3 {[%clk 0:46:24]} c6 {[%clk 0:37:16]} 19. Na2
{[%clk 0:45:25]} Bd7 {[%clk 0:35:45]} 20. Nb4 {[%clk 0:43:52]} a5
{[%clk 0:33:10]} 21. Nd3 {[%clk 0:42:47]} Qe7 {[%clk 0:29:33]} 22. Nc5
{[%clk 0:39:24]} Bg4 {[%clk 0:26:16]} 23. Ne1 {[%clk 0:33:10]} Qh4
{[%clk 0:09:52]} 24. g3 {[%clk 0:33:24]} Qh5 {[%clk 0:08:06]} 25. Bxg4
{[%clk 0:31:51]} Qxg4 {[%clk 0:08:30]} 26. Nb7 {[%clk 0:31:10]} Bc7
{[%clk 0:06:00]} 27. Rxc6 {[%clk 0:28:16]} Qd7 {[%clk 0:05:54]} 28. Rc2
{[%clk 0:24:58]} b4 {[%clk 0:04:01]} 29. Nc5 {[%clk 0:24:40]} Qh3
{[%clk 0:03:51]} 30. a4 {[%clk 0:21:24]} Nh4 {[%clk 0:03:39]} 31. Qe2
{[%clk 0:20:57]} Re7 {[%clk 0:02:39]} 32. Qh5 {[%clk 0:20:44]} g5
{[%clk 0:02:14]} 33. Ncd3 {[%clk 0:19:42]} Rae8 {[%clk 0:01:01]} 34. Rc6
{[%clk 0:18:11]} Bb8 {[%clk 0:00:34]} 35. Rxh6 {[%clk 0:18:18]} 1-0

[Event "WYCC Open U14"]
[Site "Porto Carras"]
[Date "2015.11.01"]
[Round "7.9"]
[White "Quirhuayo Chumbe, German Gonza"]
[Black "Taghizadeh, Rayan"]
[Result "1/2-1/2"]
[BlackElo "2240"]
[WhiteElo "2118"]
[LiveChessVersion "1.4.6"]

1. e4 {[%clk 1:30:58]} c5 {[%clk 1:30:54]} 2. Nf3 {[%clk 1:31:23]} e6
{[%clk 1:31:20]} 3. c4 {[%clk 1:31:48]} Nc6 {[%clk 1:31:47]} 4. Nc3
{[%clk 1:32:12]} Nd4 {[%clk 1:32:08]} 5. Nxd4 {[%clk 1:32:32]} cxd4
{[%clk 1:32:31]} 6. Ne2 {[%clk 1:32:55]} Nf6 {[%clk 1:32:44]} 7. d3
{[%clk 1:31:52]} e5 {[%clk 1:32:20]} 8. Bd2 {[%clk 1:30:50]} Qb6 {[%clk 1:25:51]}
9. Qc2 {[%clk 1:27:25]} Bb4 {[%clk 1:23:55]} 10. Rc1 {[%clk 1:24:06]} O-O
{[%clk 1:16:45]} 11. c5 {[%clk 1:19:23]} Bxd2+ {[%clk 1:11:47]} 12. Qxd2
{[%clk 1:19:29]} Qe6 {[%clk 1:07:44]} 13. Ng3 {[%clk 1:06:11]} d6
{[%clk 0:47:24]} 14. cxd6 {[%clk 1:06:34]} Qxd6 {[%clk 0:47:09]} 15. Be2
{[%clk 1:06:32]} Be6 {[%clk 0:45:17]} 16. O-O {[%clk 1:06:07]} Nd7
{[%clk 0:36:03]} 17. f4 {[%clk 0:58:07]} f6 {[%clk 0:28:48]} 18. f5
{[%clk 0:55:39]} Bxa2 {[%clk 0:26:52]} 19. Qa5 {[%clk 0:51:55]} Bf7
{[%clk 0:25:07]} 20. Qc7 {[%clk 0:52:02]} Qxc7 {[%clk 0:20:26]} 21. Rxc7
{[%clk 0:51:40]} Nb6 {[%clk 0:20:03]} 22. Rxb7 {[%clk 0:51:52]} Rfb8
{[%clk 0:19:37]} 23. Rc7 {[%clk 0:48:41]} Na4 {[%clk 0:15:08]} 24. Ra1
{[%clk 0:46:28]} Nxb2 {[%clk 0:13:21]} 25. Rcxa7 {[%clk 0:46:34]} Rxa7
{[%clk 0:13:47]} 26. Rxa7 {[%clk 0:46:56]} g6 {[%clk 0:11:25]} 27. fxg6
{[%clk 0:45:02]} hxg6 {[%clk 0:11:26]} 28. Nh1 {[%clk 0:42:27]} Rc8
{[%clk 0:11:07]} 29. Nf2 {[%clk 0:42:44]} Rc2 {[%clk 0:11:07]} 30. Bf1
{[%clk 0:42:29]} Rd2 {[%clk 0:09:29]} 31. h4 {[%clk 0:41:01]} Kf8
{[%clk 0:09:33]} 32. g4 {[%clk 0:38:33]} Be8 {[%clk 0:06:29]} 33. Ra6
{[%clk 0:32:35]} Ke7 {[%clk 0:06:22]} 34. Rb6 {[%clk 0:32:38]} Nd1
{[%clk 0:05:27]} 35. Nxd1 {[%clk 0:32:41]} Rxd1 {[%clk 0:05:56]} 36. Kf2
{[%clk 0:28:56]} Rd2+ {[%clk 0:05:24]} 37. Be2 {[%clk 0:27:50]} Rc2
{[%clk 0:03:28]} 38. Rb7+ {[%clk 0:24:53]} Kf8 {[%clk 0:03:26]} 39. Kf1
{[%clk 0:20:18]} Rc1+ {[%clk 0:03:32]} 40. Kf2 {[%clk 0:49:14]} Rc2
{[%clk 0:33:54]} 41. g5 {[%clk 0:47:42]} fxg5 42. hxg5 {[%clk 0:47:58]} Bc6
{[%clk 0:31:24]} 43. Rb8+ {[%clk 0:46:23]} Ke7 {[%clk 0:31:29]} 44. Kf3
{[%clk 0:45:47]} 1/2-1/2

[Event "WYCC Open U14"]
[Site "Porto Carras"]
[Date "2015.11.01"]
[Round "7.10"]
[White "Kandil, Adham"]
[Black "Chen, Richard"]
[Result "0-1"]
[BlackElo "2117"]
[WhiteElo "2231"]
[LiveChessVersion "1.4.6"]

1. e4 {[%clk 1:30:55]} e6 {[%clk 1:30:35]} 2. d3 {[%clk 1:31:12]} c5
{[%clk 1:29:27]} 3. Nf3 {[%clk 1:31:36]} Nc6 {[%clk 1:28:30]} 4. g3
{[%clk 1:31:31]} d5 {[%clk 1:27:01]} 5. Nbd2 {[%clk 1:31:36]} g6 {[%clk 1:26:08]}
6. Bg2 {[%clk 1:31:42]} Bg7 {[%clk 1:24:40]} 7. O-O {[%clk 1:32:05]} Nge7
{[%clk 1:24:37]} 8. Re1 {[%clk 1:30:21]} Qc7 {[%clk 1:21:55]} 9. exd5
{[%clk 1:24:31]} exd5 {[%clk 1:18:11]} 10. Nb3 {[%clk 1:24:56]} b6
{[%clk 1:16:30]} 11. Bf4 {[%clk 1:25:21]} Qd8 {[%clk 1:13:42]} 12. Ne5
{[%clk 1:20:20]} O-O {[%clk 1:03:57]} 13. Nxc6 {[%clk 1:20:20]} Nxc6
{[%clk 1:04:25]} 14. c4 {[%clk 1:20:42]} Be6 {[%clk 1:00:32]} 15. Qf3
{[%clk 1:14:11]} dxc4 {[%clk 0:38:32]} 16. Qxc6 {[%clk 0:40:32]} Rc8
{[%clk 0:38:44]} 17. Qb5 {[%clk 0:40:33]} cxb3 {[%clk 0:34:13]} 18. axb3
{[%clk 0:38:20]} Qd4 {[%clk 0:22:04]} 19. Re2 {[%clk 0:29:45]} Rcd8
{[%clk 0:17:39]} 20. Rd2 {[%clk 0:28:40]} Rfe8 {[%clk 0:07:19]} 21. Be3
{[%clk 0:28:04]} Bd7 {[%clk 0:06:43]} 22. Qc4 {[%clk 0:24:02]} Rxe3
{[%clk 0:05:52]} 23. fxe3 {[%clk 0:24:27]} Qxe3+ {[%clk 0:06:18]} 24. Rf2
{[%clk 0:24:52]} Be6 {[%clk 0:06:23]} 25. Qh4 {[%clk 0:23:14]} Rxd3
{[%clk 0:05:32]} 26. Raf1 {[%clk 0:22:47]} Rd2 {[%clk 0:05:44]} 0-1

[Event "WYCC Open U14"]
[Site "Porto Carras"]
[Date "2015.11.01"]
[Round "7.11"]
[White "Beukema, Jasper"]
[Black "Gazik, Viktor"]
[Result "1/2-1/2"]
[BlackElo "2431"]
[WhiteElo "2154"]
[LiveChessVersion "1.4.6"]

1. e4 {[%clk 1:30:57]} b6 {[%clk 1:30:57]} 2. g3 {[%clk 1:27:19]} Bb7
{[%clk 1:31:22]} 3. Bg2 {[%clk 1:27:19]} e6 {[%clk 1:28:02]} 4. d3
{[%clk 1:26:38]} d5 {[%clk 1:25:04]} 5. Qe2 {[%clk 1:26:07]} Be7 {[%clk 1:20:40]}
6. f4 {[%clk 1:25:11]} Nf6 {[%clk 1:18:40]} 7. e5 {[%clk 1:21:37]} Nfd7
{[%clk 1:18:12]} 8. Nf3 {[%clk 1:20:50]} c5 {[%clk 1:18:18]} 9. c3
{[%clk 1:20:31]} Nc6 {[%clk 1:17:17]} 10. O-O {[%clk 1:20:26]} b5
{[%clk 1:15:44]} 11. f5 {[%clk 1:17:49]} Nf8 {[%clk 1:05:53]} 12. d4
{[%clk 1:05:00]} Qb6 {[%clk 0:57:47]} 13. f6 {[%clk 0:58:48]} gxf6
{[%clk 0:54:17]} 14. exf6 {[%clk 0:59:03]} Bxf6 {[%clk 0:43:42]} 15. dxc5
{[%clk 0:57:35]} Qxc5+ {[%clk 0:36:01]} 16. Be3 {[%clk 0:56:56]} Qc4
{[%clk 0:33:59]} 17. Qf2 {[%clk 0:55:38]} Nd7 {[%clk 0:31:32]} 18. Nbd2
{[%clk 0:53:10]} Qg4 {[%clk 0:29:12]} 19. Nb3 {[%clk 0:52:24]} a6
{[%clk 0:23:10]} 20. Nfd4 {[%clk 0:47:24]} Nxd4 {[%clk 0:17:59]} 21. cxd4
{[%clk 0:44:50]} Qg6 {[%clk 0:15:17]} 22. Na5 {[%clk 0:41:43]} Ra7
{[%clk 0:10:13]} 23. Rac1 {[%clk 0:38:48]} Ba8 {[%clk 0:08:08]} 24. Rc8+
{[%clk 0:38:23]} Ke7 {[%clk 0:08:37]} 25. Rxh8 {[%clk 0:36:42]} Bxh8
{[%clk 0:09:06]} 26. Qd2 {[%clk 0:36:58]} Rc7 {[%clk 0:05:03]} 27. Qb4+
{[%clk 0:26:32]} Kd8 {[%clk 0:05:26]} 28. Qd6 {[%clk 0:26:09]} e5
{[%clk 0:05:47]} 29. Bg5+ {[%clk 0:19:45]} Qxg5 {[%clk 0:05:23]} 30. Rxf7
{[%clk 0:18:37]} Bg7 {[%clk 0:00:34]} 31. Qxa6 {[%clk 0:17:30]} Qe3+
{[%clk 0:00:37]} 32. Kh1 {[%clk 0:17:46]} Rc1+ {[%clk 0:00:46]} 33. Bf1
{[%clk 0:17:48]} Qe4+ {[%clk 0:00:52]} 34. Kg1 {[%clk 0:18:10]} Qxd4+
{[%clk 0:01:08]} 35. Kg2 {[%clk 0:17:34]} Nb6 {[%clk 0:01:37]} 36. Qa7
{[%clk 0:14:17]} Qd2+ {[%clk 0:00:46]} 37. Kg1 {[%clk 0:12:04]} Qe3+
{[%clk 0:00:57]} 38. Kg2 {[%clk 0:09:53]} Qd2+ {[%clk 0:00:38]} 39. Kg1
{[%clk 0:09:52]} Qe3+ {[%clk 0:01:07]} 40. Kg2 {[%clk 0:40:10]} Rc2+
{[%clk 0:30:34]} 41. Kh1 {[%clk 0:39:35]} Qe4+ {[%clk 0:09:20]} 42. Kg1
{[%clk 0:39:57]} Qe3+ {[%clk 0:09:12]} 43. Kh1 {[%clk 0:40:22]} d4+
{[%clk 0:09:27]} 44. Qxa8+ {[%clk 0:40:43]} Nxa8 {[%clk 0:09:53]} 45. Nb7+
{[%clk 0:41:07]} Ke8 {[%clk 0:10:13]} 46. Nd6+ {[%clk 0:41:28]} 1/2-1/2

[Event "WYCC Open U14"]
[Site "Porto Carras"]
[Date "2015.11.01"]
[Round "7.12"]
[White "Amon, Nejc"]
[Black "Erenberg, Ariel"]
[Result "0-1"]
[BlackElo "2366"]
[WhiteElo "2146"]
[LiveChessVersion "1.4.6"]

1. e4 {[%clk 1:30:58]} c5 {[%clk 1:30:54]} 2. c3 {[%clk 1:31:24]} d5
{[%clk 1:30:54]} 3. exd5 {[%clk 1:31:43]} Qxd5 {[%clk 1:31:22]} 4. d4
{[%clk 1:32:02]} Nc6 {[%clk 1:22:31]} 5. Nf3 {[%clk 1:32:18]} Bf5
{[%clk 1:20:32]} 6. Be3 {[%clk 1:21:29]} Nf6 {[%clk 1:08:27]} 7. Na3
{[%clk 1:16:23]} e6 {[%clk 0:51:52]} 8. dxc5 {[%clk 0:53:45]} O-O-O
{[%clk 0:50:39]} 9. Qxd5 {[%clk 0:36:34]} Nxd5 {[%clk 0:50:58]} 10. Bd4
{[%clk 0:36:44]} e5 {[%clk 0:42:17]} 11. Nxe5 {[%clk 0:25:51]} Re8
{[%clk 0:28:53]} 12. O-O-O {[%clk 0:24:18]} Nxe5 {[%clk 0:28:27]} 13. Bxe5
{[%clk 0:24:47]} Rxe5 {[%clk 0:28:35]} 14. Nc4 {[%clk 0:25:11]} Nxc3
{[%clk 0:27:56]} 15. Nxe5 {[%clk 0:21:59]} Nxd1 {[%clk 0:26:31]} 16. Kxd1
{[%clk 0:22:22]} Bxc5 {[%clk 0:26:50]} 17. Bd3 {[%clk 0:20:58]} Be6
{[%clk 0:26:50]} 18. Ke2 {[%clk 0:18:51]} Bd4 {[%clk 0:15:04]} 19. Rc1+
{[%clk 0:18:06]} Kb8 {[%clk 0:15:25]} 20. Nc4 {[%clk 0:18:10]} Re8
{[%clk 0:14:21]} 21. Kf1 {[%clk 0:17:24]} Rc8 {[%clk 0:14:35]} 22. Rc2
{[%clk 0:16:03]} b5 {[%clk 0:14:01]} 23. Nd6 {[%clk 0:16:13]} Rxc2
{[%clk 0:14:12]} 24. Bxc2 {[%clk 0:16:42]} Bxb2 {[%clk 0:12:31]} 25. Bb3
{[%clk 0:16:18]} Bd7 {[%clk 0:05:33]} 26. Bxf7 {[%clk 0:15:13]} Kc7
{[%clk 0:05:45]} 27. Ne4 {[%clk 0:15:15]} Kc6 {[%clk 0:05:04]} 28. Ke2
{[%clk 0:15:10]} a5 {[%clk 0:05:27]} 29. Kd3 {[%clk 0:13:57]} a4 {[%clk 0:04:20]}
30. h3 {[%clk 0:11:59]} Be5 {[%clk 0:03:33]} 31. g4 {[%clk 0:11:43]} Kb6
{[%clk 0:02:30]} 32. Ng5 {[%clk 0:06:25]} h6 {[%clk 0:02:27]} 33. Ne6
{[%clk 0:06:47]} b4 {[%clk 0:02:07]} 34. Nd4 {[%clk 0:03:16]} Bc8
{[%clk 0:01:21]} 35. Ke4 {[%clk 0:02:15]} Bf6 {[%clk 0:01:41]} 36. f4
{[%clk 0:00:52]} Ba6 {[%clk 0:01:44]} 37. g5 {[%clk 0:00:38]} hxg5
{[%clk 0:01:52]} 38. fxg5 {[%clk 0:01:06]} Bxg5 {[%clk 0:01:53]} 39. Be8
{[%clk 0:00:47]} b3 {[%clk 0:00:48]} 40. axb3 {[%clk 0:30:43]} a3
{[%clk 0:31:12]} 41. Nc2 {[%clk 0:23:09]} a2 {[%clk 0:31:23]} 42. Bf7
{[%clk 0:22:50]} Bf6 {[%clk 0:31:20]} 43. h4 {[%clk 0:23:16]} Be2
{[%clk 0:29:30]} 44. b4 {[%clk 0:22:36]} Bd1 {[%clk 0:29:26]} 45. Na1
{[%clk 0:22:30]} Bxa1 {[%clk 0:29:45]} 46. Bxa2 {[%clk 0:22:56]} Bf6
{[%clk 0:30:07]} 47. Kf5 {[%clk 0:22:44]} Bxh4 {[%clk 0:30:22]} 48. Kg6
{[%clk 0:23:09]} Bf6 {[%clk 0:30:44]} 49. Bc4 {[%clk 0:23:35]} Bc2+
{[%clk 0:30:55]} 50. Kf7 {[%clk 0:23:50]} Bc3 {[%clk 0:30:38]} 51. Bf1
{[%clk 0:23:50]} Bf5 {[%clk 0:29:59]} 52. Be2 {[%clk 0:23:57]} g5
{[%clk 0:29:30]} 0-1

[Event "WYCC Open U12"]
[Site "Porto Carras"]
[Date "2015.10.25"]
[Round "1.1"]
[White "Abdusattorov, Nodirbek"]
[Black "Pedoson, Georg Aleksander"]
[Result "1-0"]
[WhiteElo "2432"]
[BlackElo "1783"]
[PlyCount "61"]
[EventDate "2015.??.??"]
[WhiteClock "0:52:13"]
[BlackClock "0:46:35"]

1. e4 e5 2. Nf3 Nc6 3. Bb5 a6 4. Ba4 Nf6 5. O-O Be7 6. d3 b5 7. Bb3 d6 8. a3
O-O 9. Nc3 Bg4 10. Be3 Nd4 11. Bxd4 exd4 12. Nd5 Nd7 13. h3 Bxf3 14. Qxf3 c6
15. Nxe7+ Qxe7 16. Qg3 c5 17. f4 Rfc8 18. Qf2 Rab8 19. Rae1 a5 20. Ba2 a4 21.
e5 Nb6 22. f5 dxe5 23. Qg3 Qf6 24. Rxe5 h6 25. Rfe1 Qg5 26. Qf3 b4 27. f6 Qxf6
28. Rf5 Qc6 29. Bxf7+ Kh7 30. Qg4 Nd7 31. Re6 1-0

[Event "WYCC Open U12"]
[Site "Porto Carras"]
[Date "2015.10.25"]
[Round "1.2"]
[White "Liu, Mingyang"]
[Black "Liang, Awonder"]
[Result "1/2-1/2"]
[WhiteElo "1781"]
[BlackElo "2365"]
[PlyCount "133"]
[EventDate "2015.??.??"]
[WhiteClock "0:21:48"]
[BlackClock "0:27:40"]

1. e4 Nf6 2. Nc3 d6 3. Nf3 g6 4. d4 Bg7 5. Bc4 O-O 6. O-O c6 7. Bd3 Nbd7 8. Re1
e5 9. Bc4 b5 10. Bb3 Bb7 11. d5 cxd5 12. Nxd5 h6 13. c3 a6 14. h3 Rc8 15. Nh2
Ne8 16. Be3 Nc5 17. Bc2 Bc6 18. Qd2 Bxd5 19. exd5 h5 20. f4 exf4 21. Bxf4 Nd7
22. Nf3 Nb6 23. Bg5 Nf6 24. Bb3 Qc7 25. Kh1 Rfe8 26. Bxf6 Bxf6 27. Nd4 Nd7 28.
Rf1 Bg7 29. Nc6 Nc5 30. Bc2 Qd7 31. Rae1 Rxe1 32. Rxe1 Re8 33. Kg1 f5 34. g4
Rxe1+ 35. Qxe1 Bf6 36. gxf5 gxf5 37. Qe2 Qg7+ 38. Qg2 Bg5 39. Bxf5 Kh8 40. Kh1
Qf6 41. Qf3 Kg7 42. h4 Bxh4 43. Qxh5 Qg5 44. Qxg5+ Bxg5 45. Bc2 Bc1 46. b3 Bd2
47. c4 bxc4 48. bxc4 Kf7 49. Kg2 Ke8 50. Bf5 a5 51. Kf3 a4 52. Ke2 Bh6 53. Nd4
Bg7 54. Nb5 Be5 55. Nc7+ Kd8 56. Ne6+ Ke7 57. Nxc5 dxc5 58. a3 Bb2 59. Bc2 Bxa3
60. Bxa4 Kd6 61. Bb5 Bb2 62. Kf3 Bd4 63. Ke4 Be5 64. Kf5 Bd4 65. Ke4 Be5 66.
Kf5 Bd4 67. Ke4 {Ke5+} 1/2-1/2

[Event "WYCC Open U12"]
[Site "Porto Carras"]
[Date "2015.10.25"]
[Round "1.3"]
[White "Firouzja, Alireza"]
[Black "Mike, Patryk"]
[Result "1-0"]
[WhiteElo "2364"]
[BlackElo "1781"]
[PlyCount "76"]
[EventDate "2015.??.??"]
[WhiteClock "0:48:59"]
[BlackClock "0:09:09"]

1. Nf3 d5 2. g3 Nf6 3. Bg2 h6 4. c4 c6 5. Qc2 g6 6. b3 Bg7 7. Bb2 O-O 8. d3 b6
9. O-O Bb7 10. Nbd2 c5 11. cxd5 Bxd5 12. a3 Na6 13. Be5 Rc8 14. Qb2 Qd7 15.
Rfc1 Rfd8 16. Nc4 Nc7 17. b4 Ne6 18. b5 Ra8 19. a4 g5 20. Ne3 g4 21. Nxd5 gxf3
22. Bxf6 fxg2 23. Bxg7 Qxd5 24. Bxh6 f6 25. Be3 Kf7 26. Qa2 Qh5 27. Rc4 Rh8 28.
h4 Rag8 29. Re4 Qf5 30. Kxg2 Rg4 31. Rxg4 Qxg4 32. Rh1 a6 33. bxa6 Ra8 34. Rc1
Rxa6 35. Rc4 Qf5 36. Rf4 Qe5 37. Qc4 Ra7 38. Re4 Qd6 1-0

[Event "WYCC Open U12"]
[Site "Porto Carras"]
[Date "2015.10.25"]
[Round "1.4"]
[White "Nilsen, Tobias Lang"]
[Black "Keymer, Vincent"]
[Result "0-1"]
[WhiteElo "1779"]
[BlackElo "2347"]
[PlyCount "118"]
[EventDate "2015.??.??"]
[WhiteClock "0:37:29"]
[BlackClock "0:49:44"]

1. d4 Nf6 2. c4 e6 3. Nc3 Bb4 4. Qc2 O-O 5. Nf3 b6 6. e4 Bxc3+ 7. bxc3 d6 8.
Bd3 Nbd7 9. c5 Bb7 10. cxd6 cxd6 11. O-O Qc7 12. Ba3 Rfe8 13. Rfe1 e5 14. Nd2
d5 15. c4 dxe4 16. Nxe4 exd4 17. Nxf6+ Nxf6 18. f3 h5 19. Qf2 Qf4 20. Rxe8+
Rxe8 21. Re1 Rxe1+ 22. Qxe1 g6 23. Qe7 Nd7 24. Bd6 Qd2 25. Bf1 Bc6 26. c5 bxc5
27. Bxc5 Nxc5 28. Qxc5 Qe3+ 29. Kh1 Qf2 30. Qc4 Bd5 31. Qb5 Bxa2 32. h3 h4 33.
Kh2 Be6 34. Bd3 Qg3+ 35. Kh1 Qe1+ 36. Kh2 a5 37. Be4 Qb4 38. Qe8+ Kg7 39. Qd8
a4 40. Bd5 Bxd5 41. Qxd5 Qb8+ 42. Kh1 Qf4 43. Qc4 a3 44. Qb4 a2 45. Qb2 Qe5 46.
Qxa2 Qe1+ 47. Kh2 d3 48. Qb2+ f6 49. Qb7+ Kh6 50. Qc8 Qe5+ 51. Kh1 d2 52. Qf8+
Kg5 53. f4+ Qxf4 54. Qc5+ Qe5 55. Qc2 Qe1+ 56. Kh2 d1=Q 57. Qd2+ Kh5 58. Qe2+
Kh6 59. Qd2+ g5 0-1

[Event "WYCC Open U12"]
[Site "Porto Carras"]
[Date "2015.10.25"]
[Round "1.5"]
[White "Baasansuren, Erdene"]
[Black "Peng, Shunkai"]
[Result "1/2-1/2"]
[WhiteElo "2287"]
[BlackElo "1762"]
[PlyCount "107"]
[EventDate "2015.??.??"]
[WhiteClock "0:13:15"]
[BlackClock "0:22:21"]

1. d4 Nf6 2. c4 g6 3. Nc3 Bg7 4. Nf3 O-O 5. g3 d6 6. Bg2 Nbd7 7. O-O e5 8. e4
c6 9. h3 Qb6 10. d5 Nc5 11. Qe2 cxd5 12. cxd5 Bd7 13. Be3 Rac8 14. Rfc1 Qd8 15.
Nd2 a6 16. Nc4 Ne8 17. b4 Na4 18. Nxa4 Bxa4 19. Nb6 Rxc1+ 20. Rxc1 Bd7 21. Nxd7
Qxd7 22. f4 Kh8 23. Kh2 f5 24. Qd3 fxe4 25. Bxe4 Nf6 26. Bg2 Nh5 27. fxe5 Bxe5
28. Bd4 Bg7 29. Re1 Re8 30. Bxg7+ Nxg7 31. Rf1 Kg8 32. g4 Qe7 33. Qc4 Rf8 34.
Rxf8+ Kxf8 35. Qf4+ Kg8 36. Be4 Ne8 37. a4 Kg7 38. g5 Qe5 39. Kg3 Qa1 40. Bf3
Qc3 41. Qg4 Qe1+ 42. Kg2 Qd2+ 43. Kg3 Qe1+ 44. Kh2 Qf2+ 45. Bg2 Qf7 46. Qc8 Kf8
47. Qg4 Qf2 48. a5 Qf7 49. Kh1 Qg7 50. Qf3+ Kg8 51. Qf1 Qe5 52. Qc1 Qe7 53. h4
Ng7 54. Qf4 1/2-1/2

[Event "WYCC Open U12"]
[Site "Porto Carras"]
[Date "2015.10.25"]
[Round "1.6"]
[White "Ezizov, Muhammet"]
[Black "Aydincelebi, Kagan"]
[Result "0-1"]
[WhiteElo "1760"]
[BlackElo "2247"]
[PlyCount "102"]
[EventDate "2015.??.??"]
[WhiteClock "0:24:20"]
[BlackClock "0:34:13"]

1. c4 e5 2. Nc3 Nf6 3. g3 d5 4. cxd5 Nxd5 5. Bg2 Nb6 6. Nf3 Nc6 7. O-O Be7 8.
d3 O-O 9. a4 a5 10. Be3 Re8 11. Qb3 Nd4 12. Bxd4 exd4 13. Nb5 Bf6 14. Nd2 c6
15. Nd6 Qxd6 16. Qxb6 Bd8 17. Qb3 Qb4 18. Qxb4 axb4 19. Nc4 Bc7 20. e4 dxe3 21.
fxe3 Be6 22. e4 Red8 23. Rfd1 Rd4 24. b3 Rad8 25. Bf1 h5 26. Nd2 h4 27. Nf3
Bxb3 28. Rdc1 R4d7 29. Nxh4 Be6 30. Rab1 b3 31. Nf3 Ra8 32. Ng5 Bb6+ 33. Kg2
Be3 34. Nxe6 fxe6 35. Rc4 Rf8 36. Kh1 Rf2 37. Bh3 Rxd3 38. Bxe6+ Kf8 39. e5
Rdd2 40. Rh4 b2 41. Bb3 Rd3 42. Be6 Rc3 43. Rc4 Rc1+ 44. Rbxc1 bxc1=Q+ 45. Rxc1
Bxc1 46. a5 Bd2 47. Bc8 Bxa5 48. Bxb7 c5 49. h4 c4 50. g4 c3 51. Be4 Rf4 0-1